General Knowledge Quiz #101 - Statistics

General Stats
  • This quiz has been taken 112,796 times
    78,245 since last reset
  • The average score is 11 of 20
Answer Stats
Question Answer % Correct
What African country is projected to pass the United States in population around the year 2050? Nigeria
78%
What is the most widely-produced assault rifle of all time? AK-47
74%
What Japanese cartoon cat has appeared on dolls, greeting cards, toasters, and even a commercial jet? Hello Kitty
71%
What "supercontinent" contained nearly all the world's land in the time of the dinosaurs? Pangea
70%
Name one of the two countries, other than India, which is majority Hindu. Nepal / Mauritius
69%
On what river do Oxford and Cambridge compete in a "Boat Race"? Thames
69%
What is the literal translation of the German word "Kindergarten"? {Children}'{s} {garden}
67%
What were Andrew, Camille, and Katrina? Hurricanes
67%
In what city would you find the Bolshoi Theatre? Moscow
67%
What has been described as the "fifth" taste, after sweet, sour, bitter, and salty? Umami
59%
In what modern-day country would you find the city of Basra, home of the legendary Sinbad? Iraq
55%
Who did Buster Douglas knock out in 1990? Mike Tyson
52%
What is another name for caribou? Reindeer
48%
What doesn't a teetotaler do? Drink alcohol
46%
What is the official name of the city of Derry, in Northern Ireland? Londonderry
45%
What fictional character has a skeleton infused with adamantium? Wolverine
43%
What Biblical character built a temple, had 700 wives, and suggested cutting a baby in half? King Solomon
41%
What theme park's full name is the Experimental Prototype Community of Tomorrow? EPCOT Center
40%
If you call a king "Your Majesty", what would you call an ambassador? Your {excellency}
35%
What suffix means "inflammation"? -itis
34%
No matching quizzes found
Score Distribution
Percent of People with Each Score
Percentile by Number Answered
Your Score History
You have not taken this quiz since the last reset